[Event "MNT-chT 2nd League"]
[Site "Podgorica"]
[Date "2006.10.22"]
[Round "6"]
[White "Borozan, Nikola"]
[Black "Podolnjak, Tomislav"]
[Result "0-1"]
[WhiteElo "2055"]
[BlackElo "2182"]
[PlyCount "68"]
[EventDate "2006.09.03"]
[EventType "team-swiss"]
[EventRounds "7"]
[EventCountry "MNE"]
[SourceTitle "EXT 2023"]
[Source "ChessBase"]
[SourceDate "2022.10.05"]
[SourceVersion "1"]
[SourceVersionDate "2022.10.05"]
[SourceQuality "1"]

1. e4 d6 2. d4 Nd7 3. Nc3 c6 4. Be3 e5 5. Qd2 Ngf6 6. f3 Be7 7. g4 h6 8. Nge2 a6 9. Ng3 b5 10. Nf5 Bf8 11. Be2 b4 12. Nd1 g6 13. Ng3 a5 14. Nf2 c5 15. dxc5 Nxc5 16. Nd3 Qc7 17. Nxc5 dxc5 18. Bb5+ Bd7 19. Qe2 Rb8 20. Bc4 Be7 21. h4 h5 22. g5 Nh7 23. 0-0 Bd6 24. Rad1 Nf8 25. Qd3 Rb6 26. Rfe1 Ne6 27. Rd2 Nd4 28. Rf2 Be6 29. Bxe6 Nxe6 30. Qd2 Nf4 31. Bxf4 exf4 32. e5 Be7 33. Qxf4 0-0 34. Ne4 c4 0-1

[Event "MNT-chT 2nd League"]
[Site "Podgorica"]
[Date "2006.10.01"]
[Round "4"]
[White "Podolnjak, Tomislav"]
[Black "Nisic, Harun"]
[Result "1-0"]
[WhiteElo "2182"]
[BlackElo "2079"]
[PlyCount "114"]
[EventDate "2006.09.03"]
[EventType "team-swiss"]
[EventRounds "7"]
[EventCountry "MNE"]
[SourceTitle "EXT 2023"]
[Source "ChessBase"]
[SourceDate "2022.10.05"]
[SourceVersion "1"]
[SourceVersionDate "2022.10.05"]
[SourceQuality "1"]

1. d4 d5 2. Nf3 Nf6 3. Bf4 e6 4. e3 Bd6 5. c3 Bxf4 6. exf4 0-0 7. Bd3 c5 8. 0-0 Nc6 9. Re1 Qb6 10. Re2 g6 11. dxc5 Qxc5 12. Nbd2 Qd6 13. g3 Re8 14. Bb5 Rd8 15. Nb3 Ne4 16. Bd3 Nc5 17. Nbd4 Nxd3 18. Qxd3 Bd7 19. Ree1 Re8 20. h4 a6 21. h5 Qf8 22. Kg2 Nxd4 23. Qxd4 Qg7 24. hxg6 hxg6 25. Qxg7+ Kxg7 26. Nd4 a5 27. a3 Rac8 28. Kf3 b5 29. Ke3 Rc4 30. Nb3 Ra8 31. Nd2 Rc7 32. Rec1 Rac8 33. Re1 b4 34. axb4 axb4 35. Nb1 bxc3 36. bxc3 Rb8 37. Ra3 f6 38. Nd2 Rbc8 39. Kd4 Rb7 40. Rea1 Rb2 41. R1a2 Rb7 42. Ra7 Rcc7 43. Rxb7 Rxb7 44. c4 dxc4 45. Nxc4 Bc6 46. Nd6 Rd7 47. Kc5 Bd5 48. Ra5 Rc7+ 49. Kd4 Rd7 50. Ra6 Kh6 51. Ke3 g5 52. fxg5+ Kxg5 53. Rb6 Ra7 54. Rb5 Re7 55. Ne4+ Kg4 56. Rb4 Kh3 57. Nd2 e5 1-0

[Event "YUG-chT"]
[Site "Vrnjacka Banja"]
[Date "1996.??.??"]
[Round "?"]
[White "Podolnjak, Tomislav"]
[Black "Grujic, Zoran"]
[Result "1/2-1/2"]
[WhiteElo "2170"]
[BlackElo "2280"]
[PlyCount "158"]
[EventDate "1996.??.??"]
[EventType "team"]
[EventRounds "11"]
[EventCountry "YUG"]
[SourceTitle "EXT 2000"]
[Source "ChessBase"]
[SourceDate "1999.11.16"]
[SourceVersion "1"]
[SourceVersionDate "1999.11.16"]
[SourceQuality "1"]

1. Nf3 Nf6 2. d4 g6 3. Bg5 Bg7 4. Nbd2 0-0 5. c3 d6 6. e4 Nbd7 7. Bc4 e5 8. 0-0 h6 9. Bh4 Qe8 10. Re1 Kh8 11. a4 a5 12. Bb5 Qe6 13. Bc4 Qe7 14. Qc2 Nb6 15. Rad1 Bd7 16. b3 Rfe8 17. Bd3 Rad8 18. Nc4 Nxc4 19. Bxc4 Bg4 20. dxe5 dxe5 21. Qe2 g5 22. Bg3 Nd7 23. Qc2 Bxf3 24. gxf3 h5 25. h3 Nb6 26. Be2 h4 27. Bh2 Qc5 28. Rxd8 Rxd8 29. Rd1 Rd6 30. Rxd6 Qxd6 31. Bf1 c6 32. Qe2 Bf6 33. Qe3 c5 34. Qe2 c4 35. bxc4 Nxa4 36. Qa2 Nxc3 37. Qxa5 Qd4 38. Qa3 Kg7 39. Qb2 b6 40. Qc2 Be7 41. Kg2 Bc5 42. Bg1 Nd1 43. Qc1 Kf6 44. Qc2 Nb2 45. Be2 Ke7 46. Kh2 Kd6 47. Kg2 Kc7 48. Kh2 f6 49. Kg2 Kc6 50. Qb3 Qd2 51. Qb5+ Kc7 52. Qe8 Qd7 53. Qa8 Qa4 54. Qg8 Qc6 55. Qf7+ Kb8 56. Kf1 Na4 57. Kg2 Nc3 58. Bf1 Qd6 59. Qg7 Qe7 60. Qg8+ Kb7 61. Qh8 Qd6 62. Qe8 Qd2 63. Qf7+ Ka6 64. Qxf6 Nd1 65. Qc6 Ka7 66. Qc7+ Ka8 67. Qc8+ Ka7 68. Qc7+ Ka6 69. Qc6 Qd8 70. Bh2 Ka7 71. Qd5 Qxd5 72. exd5 Bd4 73. Be2 Nc3 74. Bd3 Kb7 75. Kf1 Kc7 76. Ke1 Kd6 77. Kd2 Na4 78. Kc2 Bxf2 79. Bf5 Be1 1/2-1/2

[Event "YUG-chT"]
[Site "Vrnjacka Banja"]
[Date "1996.??.??"]
[Round "?"]
[White "Podolnjak, Tomislav"]
[Black "Rajkovic, Ljubisa"]
[Result "1-0"]
[WhiteElo "2170"]
[BlackElo "2275"]
[PlyCount "141"]
[EventDate "1996.??.??"]
[EventType "team"]
[EventRounds "11"]
[EventCountry "YUG"]
[SourceTitle "EXT 2000"]
[Source "ChessBase"]
[SourceDate "1999.11.16"]
[SourceVersion "1"]
[SourceVersionDate "1999.11.16"]
[SourceQuality "1"]

1. Nf3 d5 2. d4 c6 3. c3 Bf5 4. Bf4 Nd7 5. Nbd2 Ngf6 6. h3 e6 7. Qb3 Qb6 8. Nh4 Be7 9. Nxf5 exf5 10. e3 0-0 11. Be2 Ne4 12. h4 Nxd2 13. Kxd2 Nf6 14. Qxb6 Ne4+ 15. Kc2 axb6 16. f3 Nd6 17. a3 Rfe8 18. Bd3 b5 19. Rae1 g6 20. h5 Kg7 21. hxg6 hxg6 22. Bh6+ Kf6 23. e4 dxe4 24. fxe4 fxe4 25. Bxe4 Rh8 26. Rhf1+ Nf5 27. Bxf5 gxf5 28. g4 Bd6 29. Rxf5+ Kg6 30. Bc1 Rh2+ 31. Kb3 Rf8 32. Ref1 f6 33. g5 Be7 34. d5 Rhh8 35. d6 Bd8 36. gxf6 Rxf6 37. Rxf6+ Bxf6 38. Be3 Rd8 39. Bf4 Rd7 40. a4 bxa4+ 41. Kxa4 Kf5 42. Bg3+ Ke6 43. Re1+ Kd5 44. Kb4 b5 45. Rd1+ Ke6 46. Kc5 Rg7 47. d7 Rxd7 48. Re1+ Kf7 49. Bd6 b4 50. cxb4 Bxb2 51. Kxc6 Rd8 52. b5 Bd4 53. Re4 Bg1 54. Rg4 Be3 55. Re4 Bg1 56. Re7+ Kf6 57. Re1 Rg8 58. Bc7 Rg6 59. Bd6 Rg8 60. Rf1+ Ke6 61. Rf8 Rg2 62. Re8+ Kf5 63. Re5+ Kf6 64. Rh5 Kg6 65. Rd5 Kf7 66. Bc5 Bh2 67. b6 Ke6 68. Bd6 Bg1 69. Re5+ Kf7 70. b7 Rc2+ 71. Kd7 1-0

[Event "YUG-chT"]
[Site "Vrnjacka Banja"]
[Date "1996.??.??"]
[Round "?"]
[White "Skoko, Milan"]
[Black "Podolnjak, Tomislav"]
[Result "1-0"]
[WhiteElo "2215"]
[BlackElo "2170"]
[PlyCount "35"]
[EventDate "1996.??.??"]
[EventType "team"]
[EventRounds "11"]
[EventCountry "YUG"]
[SourceTitle "EXT 2000"]
[Source "ChessBase"]
[SourceDate "1999.11.16"]
[SourceVersion "1"]
[SourceVersionDate "1999.11.16"]
[SourceQuality "1"]

1. e4 c5 2. c3 d5 3. exd5 Qxd5 4. d4 Nf6 5. Nf3 e6 6. Na3 cxd4 7. Nb5 Qd8 8. Qxd4 Qxd4 9. Nbxd4 a6 10. Bf4 Nbd7 11. Be2 b6 12. 0-0 Bb7 13. Ne5 Nxe5 14. Bxe5 Nd7 15. Bg3 Rc8 16. Rad1 Be7 17. Nf3 Nf6 18. Be5 1-0

[Event "YUG-chT Cup"]
[Site "Becici"]
[Date "1994.??.??"]
[Round "?"]
[White "Mujagic, Ramo"]
[Black "Podolnjak, Tomislav"]
[Result "0-1"]
[WhiteElo "2295"]
[BlackElo "2160"]
[PlyCount "73"]
[EventDate "1994.??.??"]
[EventType "team"]
[EventRounds "6"]
[EventCountry "YUG"]
[SourceTitle "EXT 2000"]
[Source "ChessBase"]
[SourceDate "1999.11.16"]
[SourceVersion "1"]
[SourceVersionDate "1999.11.16"]
[SourceQuality "1"]

1. e4 c5 2. Nf3 d6 3. d4 cxd4 4. Nxd4 Nf6 5. Nc3 a6 6. f4 e6 7. Nf3 Qc7 8. Bd3 Be7 9. 0-0 Nc6 10. Kh1 Bd7 11. Bd2 0-0 12. Qe2 e5 13. Nd5 Qd8 14. f5 Re8 15. Nxf6+ Bxf6 16. c3 Bxf5 17. exf5 e4 18. Bc2 exf3 19. Qxf3 Qb6 20. b3 Ne5 21. Qg3 h5 22. h3 h4 23. Qf4 Rac8 24. Rae1 Qa5 25. Bb1 Qc7 26. Be4 b5 27. Rc1 Re7 28. Be1 d5 29. Bb1 Nd7 30. Qg4 Qe5 31. Bxh4 Rxc3 32. Rcd1 Bxh4 33. Qxh4 Nf6 34. Bd3 Qc7 35. Rfe1 Rxe1+ 36. Qxe1 b4 37. Qe2 0-1